Lectura del evangelio de Juan
Spremljeno u:
| Glavni autor: | |
|---|---|
| Format: | Knjiga |
| Jezik: | španjolski |
| Izdano: |
Salamanca
Sígueme
1989
|
| Serija: | Biblioteca de estudios bíblicos, 68
|
| Teme: | |
| Oznake: |
Dodaj oznaku
Bez oznaka, Budi prvi tko označuje ovaj zapis!
|
MARC
| LEADER | 00000nam a2200000 a 4500 | ||
|---|---|---|---|
| 001 | UCX0919 | ||
| 003 | CL-VaPUC | ||
| 008 | 900416e19890000SP |||||||||||||||||spa|d | ||
| 082 | 0 | 4 | |a 226.5 |b LEO |2 21 |
| 100 | |a Léon-Dufour, Xavier |e author |9 501622 | ||
| 245 | 1 | 0 | |a Lectura del evangelio de Juan |
| 300 | |a v | ||
| 942 | |c BK | ||
| 945 | |d 19900416 00:00:00 |a aalvarez | ||
| 260 | |a Salamanca |b Sígueme |c 1989 | ||
| 650 | 0 | |a Biblia |9 257603 | |
| 650 | 7 | |a CRITICA, INTERPRETACION, ETC |2 CL-VaPUC |9 316300 | |
| 583 | |a last modification |c 20170628 11:36:05 |k Rodrigo Vera | ||
| 490 | 0 | |a Biblioteca de estudios bíblicos, 68 | |
| 999 | |c 222308 |d 222306 | ||
| 952 | |0 0 |1 0 |4 0 |6 226_500000000000000_LEO_1989 |7 0 |8 A |9 216810 |a BIBTEO |b BIBTEO |d 2019-11-15 |h v.1 |i 2857308 |l 3 |o 226.5 LEO 1989 |p 2857308 |r 2025-04-14 |s 2025-04-14 |w 2019-11-15 |y BK |k ICR | ||